Propuesta para el incremento de la productividad en la Ebanistería Hernández, Estelí Nicaragua
El presente estudio tiene como propósito elaborar un plan de mejora, para el incremento de la productividad en la Ebanistería Hernández. Mediante la aplicación de métodos cualitativos y cuantitativos se recolectaron datos de los problemas más influyentes en la fábrica. Este plan de mejora de...
| Main Authors: | , |
|---|---|
| Other Authors: | |
| Format: | Tesis Section = Libro |
| Language: | Undetermined Spanish |
| Published: |
Managua
UNI
2021
|
| Subjects: |
| LEADER | 01317nam a2200253Ia 4500 | ||
|---|---|---|---|
| 008 | 240830s9999 xx 000 0 und d | ||
| 040 | |a BIBLIOTECA-RUPAP Mon 658.5038 J61 | ||
| 041 | |a spa | ||
| 082 | |a Mon 658.5038 J61 | ||
| 100 | 1 | |a Jiménez Ponce, Henry Samuel | |
| 100 | 1 | |b Sánchez Ocampos, Alina Osmary | |
| 245 | 1 | 0 | |a Propuesta para el incremento de la productividad en la Ebanistería Hernández, Estelí Nicaragua |
| 260 | |a Managua |b UNI |c 2021 | ||
| 300 | |a 92 p. :il. | ||
| 500 | |a Contiene: anexos y CD. | ||
| 502 | |a Tesis (Ingeniero Industrial) - UNI, 2021. | ||
| 520 | 3 | |a El presente estudio tiene como propósito elaborar un plan de mejora, para el incremento de la productividad en la Ebanistería Hernández. Mediante la aplicación de métodos cualitativos y cuantitativos se recolectaron datos de los problemas más influyentes en la fábrica. Este plan de mejora de la productividad está orientados a la compra de herramientas y adquisición de maquinaria (horno industrial para el secado de la madera) para la elaboración de cajas de madera. | |
| 650 | 7 | |a PLANIFICACION DEL PRODUCTO | |
| 650 | 7 | |b PRODUCTIVIDAD | |
| 650 | 7 | |c PLAN DE MEJORA 4. CAJAS DE MADERAS-PRODUCCION. | |
| 700 | 1 | |a Tutor: |b Díaz Corrales, Alba Veranay | |
| 942 | |c BK |2 ddc | ||
| 991 | |a TESIS | ||
| 999 | |c 18918 | ||